Altar of the earth : the life, land and spirit of Tibet /

Bibliographic Details
Main Author: Gold, Peter, 1945-
Format: Book
Language:English
Published: Ithaca, N.Y., USA : Snow Lion Publications, 1987.
Edition:1st ed.
Subjects:

MARC

Tag First Indicator Second Indicator Subfields
LEADER 00000cam a2200000 a 4500
001 in00000024821
005 20151007054419.0
008 870518s1987 nyuaf 00010aeng
010 |a  87012941  
020 |a 0937938440 (pbk.) :  |c $14.95 
035 |a (OCoLC)15855975 
035 |9 AAB4979AM 
040 |a DLC  |c DLC  |d TXA  |d UtOrBLW 
043 |a a-cc-ti 
049 |a TXAM  |c [A10909562] 
050 0 0 |a DS786  |b .G63 1987 
082 0 |a 915.1/50458  |2 19 
100 1 |a Gold, Peter,  |d 1945- 
245 1 0 |a Altar of the earth :  |b the life, land and spirit of Tibet /  |c Peter Gold. 
250 |a 1st ed. 
264 1 |a Ithaca, N.Y., USA :  |b Snow Lion Publications,  |c 1987. 
300 |a 221 pages, 12 unnumbered pages of plates :  |b color illustrations ;  |c 22 cm. 
336 |a text  |b txt  |2 rdacontent 
337 |a unmediated  |b n  |2 rdamedia 
338 |a volume  |b nc  |2 rdacarrier 
651 0 |a Tibet Autonomous Region (China)  |x Description and travel. 
600 1 0 |a Gold, Peter,  |d 1945-  |x Travel  |z China  |z Tibet Autonomous Region. 
999 |a MARS 
999 f f |s f1da9467-3b9c-3531-bf1c-5a592d325dd7  |i 82cbe1b4-709a-379b-84a9-f78e97c7ce04  |t 0 
952 f f |p ric  |a Texas A&M University  |b Rellis Campus  |c Joint Library Facility  |d Remote Storage  |t 0  |e DS786 .G63 1987  |h Library of Congress classification  |i unmediated -- volume  |m A14810909562 
998 f f |a DS786 .G63 1987  |t 0  |l Remote Storage